000 00760nam a22002537a 4500
001 BR0002262
003 BR-BrBNA
005 20230928100657.0
007 ta
008 230509b bl.||||| |||| 00| 0 por d
040 _aBR-BrBNA
_bpor
_cBiblioteca Nacional de Agricultura
041 _a(Por)
072 _aL01
_b7100
_b9340
090 _ 7100 BR0002262
110 1 _aAssociacao dos Apicultores de Ijui, RS (Brasil)
_9553
111 1 _a1. Seminario Regional de Apicultura
_cIjui, RS (Brazil)
_d1979
245 1 _aAs abelhas unem povos e classes; contribuem com 60da alimentacao da humanidade
260 3 _aIjui, RS (Brasil):
_c1979.
300 _a34 p.
650 _aApicultura
650 _aMel
909 _a202309
_bLucia
_c55
_dLucia Elande
942 _cBK
999 _c62312
_d62312